000 01112cam a2200133 4500500
005 20260329000524.0
041 _afre
042 _adc
100 1 0 _aReuter, Yves
_eauthor
245 0 0 _aL'analyse du récit
260 _bArmand Colin,
_c2025.
520 _aL’approche narratologique présente trois caractéristiques majeures: elle permet l’analyse des différents types de récits (littéraires ou non) ; elle met en lumière leurs principes de composition communs au-delà des différences apparentes ; elle peut s’articuler avec des approches fondées sur la production ou la réception de ces textes.Cet ouvrage expose donc les concepts fondamentaux et les outils descriptifs permettant l’étude précise des grands niveaux du récit: fiction, narration et mise en texte. Afin d’éclairer leurs applications possibles, les notions sont illustrées de nombreux exemples issus aussi bien d’œuvres littéraires variées que de récits non littéraires.
856 4 1 _uhttps://shs.cairn.info/l-analyse-du-recit-3e-ed--9782200641108?lang=fr&redirect-ssocas=7080
999 _c1796450
_d1796450